[Event "Trelew Acevedo Cup"]
[Site "Trelew"]
[Date "2018.05.01"]
[Round "7"]
[White "Sabas, Jorge"]
[Black "Dastugue, Raul"]
[Result "1-0"]
[WhiteElo "2186"]
[BlackElo "2039"]
[PlyCount "120"]
[EventDate "2018.04.27"]
[EventType "swiss"]
[EventRounds "7"]
[EventCountry "ARG"]
[SourceTitle "CBM 184 Extra"]
[Source "ChessBase"]
[SourceDate "2018.06.28"]
[SourceVersion "1"]
[SourceVersionDate "2018.06.28"]
[SourceQuality "1"]

1. d4 Nf6 2. c4 g6 3. Nc3 Bg7 4. e4 d6 5. Be2 0-0 6. Nf3 c6 7. 0-0 a6 8. Bg5 h6 9. Bh4 g5 10. Bg3 Nh5 11. Qd2 Nxg3 12. hxg3 Nd7 13. Nh2 c5 14. d5 Nf6 15. g4 Nd7 16. g3 Ne5 17. Kg2 e6 18. Rad1 Qe7 19. f3 Rd8 20. Rde1 b6 21. Nd1 exd5 22. cxd5 b5 23. Ne3 Ng6 24. Nf5 Qf6 25. Nxg7 Qxg7 26. Rh1 Qe5 27. Nf1 Kg7 28. Ne3 Rh8 29. Rh2 Bd7 30. Reh1 Rac8 31. Nf5+ Bxf5 32. gxf5 Ne7 33. b3 c4 34. bxc4 bxc4 35. Rc1 c3 36. Qd3 Rc5 37. Rc2 a5 38. Rh1 Rhc8 39. Rb1 Ng8 40. Bd1 Nf6 41. Re2 h5 42. Bc2 h4 43. f4 gxf4 44. gxh4 Ng4 45. Kf3 Ne3 46. Rxe3 fxe3 47. Qxe3 Qf6 48. Qg5+ Qxg5 49. hxg5 Rh8 50. f6+ Kg6 51. Kg4 Rh2 52. Rc1 Rg2+ 53. Kf3 Rxg5 54. e5+ Kh6 55. e6 fxe6 56. Rh1+ Rh5 57. f7 Kg7 58. Rxh5 Kxf7 59. dxe6+ Kxe6 60. Rxc5 dxc5 1-0

[Event "Latin Cup-A 6th"]
[Site "Buenos Aires"]
[Date "2015.03.23"]
[Round "7"]
[White "Dastugue, Raul"]
[Black "Lo Presti, Roberto"]
[Result "1-0"]
[WhiteElo "2054"]
[BlackElo "1950"]
[PlyCount "57"]
[EventDate "2015.03.19"]
[EventType "swiss"]
[EventRounds "9"]
[EventCountry "ARG"]
[SourceTitle "CBM 165 Extra"]
[Source "ChessBase"]
[SourceDate "2015.04.21"]
[SourceVersion "1"]
[SourceVersionDate "2015.04.21"]
[SourceQuality "1"]

1. Nf3 f5 2. g3 Nf6 3. Bg2 e6 4. c4 d5 5. d4 c6 6. Nbd2 Bd6 7. b3 0-0 8. Bb2 Nbd7 9. 0-0 Qe7 10. Rc1 Ne4 11. e3 Ndf6 12. Qe2 Bd7 13. Ne5 Be8 14. f3 Nxd2 15. Qxd2 Nd7 16. Nd3 Bg6 17. Bc3 Rad8 18. Rfd1 dxc4 19. bxc4 e5 20. f4 exd4 21. exd4 Nf6 22. Nf2 Rfe8 23. Rb1 Qf7 24. Bb4 Qxc4 25. Bxd6 Rxd6 26. Rxb7 Re2 27. Bf1 Rde6 28. Bxe2 Rxe2 29. Qd3 1-0

[Event "Latin Cup-A 6th"]
[Site "Buenos Aires"]
[Date "2015.03.20"]
[Round "2"]
[White "Tierno de la Rosa, Juan"]
[Black "Dastugue, Raul"]
[Result "1-0"]
[WhiteElo "1897"]
[BlackElo "2054"]
[PlyCount "51"]
[EventDate "2015.03.19"]
[EventType "swiss"]
[EventRounds "9"]
[EventCountry "ARG"]
[SourceTitle "CBM 165 Extra"]
[Source "ChessBase"]
[SourceDate "2015.04.21"]
[SourceVersion "1"]
[SourceVersionDate "2015.04.21"]
[SourceQuality "1"]

1. Nf3 d5 2. c4 c6 3. g3 Nf6 4. Bg2 g6 5. b3 Bg7 6. Bb2 0-0 7. 0-0 b6 8. d3 Bb7 9. Nbd2 Nbd7 10. Re1 Re8 11. e4 Nc5 12. Qc2 dxc4 13. d4 Nd3 14. Re2 Nxb2 15. Qxb2 cxb3 16. Qxb3 Rf8 17. Rc1 Rc8 18. a4 Ba8 19. Bh3 Rb8 20. Ne5 Qxd4 21. Ndf3 Qd6 22. Nxf7 Rxf7 23. Be6 Bh6 24. Bxf7+ Kf8 25. Rd1 Qc7 26. Nd4 1-0

[Event "Latin Cup-A 6th"]
[Site "Buenos Aires"]
[Date "2015.03.19"]
[Round "1"]
[White "Dastugue, Raul"]
[Black "Mekhitarian, Krikor Sevag"]
[Result "1/2-1/2"]
[WhiteElo "2054"]
[BlackElo "2556"]
[PlyCount "129"]
[EventDate "2015.03.19"]
[EventType "swiss"]
[EventRounds "9"]
[EventCountry "ARG"]
[SourceTitle "CBM 165 Extra"]
[Source "ChessBase"]
[SourceDate "2015.04.21"]
[SourceVersion "1"]
[SourceVersionDate "2015.04.21"]
[SourceQuality "1"]

1. Nf3 Nf6 2. g3 g6 3. b3 Bg7 4. Bb2 0-0 5. c4 d6 6. Bg2 e5 7. d3 Re8 8. 0-0 Nc6 9. e4 Nd7 10. Nc3 Nc5 11. Ne1 Nd4 12. Nc2 c6 13. Ne2 Nce6 14. Ncxd4 exd4 15. Bc1 a5 16. Nf4 Nc5 17. Ba3 Bh6 18. Bxc5 dxc5 19. Bh3 f5 20. exf5 Bxf4 21. gxf4 Rf8 22. Qe2 Qh4 23. Qg4 Qh6 24. Bg2 Rxf5 25. Rfe1 Qf8 26. Re4 Bd7 27. Qh4 Qf6 28. Qg3 Rh5 29. Re5 Rh4 30. Rae1 Rxf4 31. R1e4 Rxe4 32. Bxe4 b6 33. h4 Rf8 34. h5 Be8 35. hxg6 Bxg6 36. Bxg6 hxg6 37. Re4 Kg7 38. f4 Rf7 39. Kg2 Qf5 40. Qh3 Qxh3+ 41. Kxh3 g5 42. fxg5 Rf3+ 43. Kg4 Rxd3 44. Re6 Rd1 45. Rxc6 d3 46. Kf3 Re1 47. Rd6 a4 48. Rxd3 Ra1 49. Rd2 a3 50. Ke3 Kg6 51. Rd6+ Kxg5 52. Rxb6 Rxa2 53. Rb5 Rb2 54. Rxc5+ Kf6 55. Ra5 Rxb3+ 56. Kd4 Ke6 57. Kc5 Ke5 58. Kc6+ Kd4 59. c5 Kc3 60. Kd6 Kb4 61. Ra8 Rd3+ 62. Kc6 Rc3 63. Kb6 Rxc5 64. Rxa3 Kxa3 65. Kxc5 1/2-1/2